000 00943cam a2200277 4500
001 ABS61458
008 000000n1999 000 0 eng u
035 _a(Sirsi) u100646
100 _aBest, R.
245 _aBuilding in value
260 _c1999
490 _aBuilding Economist
_v June 1999, 4-7(4)
520 _aLooks at some of the changes in building design and procurement, and issues such as cost-in-use, environmental impacts and passive engineering which quantity surveyors need to be aware of in order to effectively advise clients on value in buildings.
590 _aABS
650 _aPROCUREMENT PROCESS
650 _aBUILT ENVIRONMENT-CONSTRUCTION DESIGN
650 _aVALUE
650 _aCOST-IN-USE
650 _aQUANTITY SURVEYORS
650 _aDIVERSIFICATION
650 _aBlock management
_96220
650 _aQUALITY
690 _aQuantity surveying
_96263
700 _ade Valence, G.
942 _n0
999 _c60204
_d60204